Statistics for NFL All-Time Touchdowns Leaders

Click here to take the quiz!

General Stats

  • This quiz has been taken 881 times
    (844 since last reset)
  • The average score is 11 of 21

Answer Stats

RankTDsPlayer% Correct
1208Jerry Rice
96%
4157Randy Moss
87%
2175Emmitt Smith
86%
15109Barry Sanders
76%
10126Jim Brown
73%
105Tim Brown
73%
3162Ladainian Tomlinson
70%
5156Terrell Owens
68%
11125Walter Payton
66%
20100Franco Harris
56%
7136Marshall Faulk
49%
18103Tony Gonzalez
48%
8131Chris Carter
47%
9128Marvin Harrison
45%
6145Marcus Allen
41%
19101Steve Largent
33%
14112Shaun Alexander
32%
100Curtis Martin
26%
12116John Riggins
19%
16105Don Hutson
13%
13113Lenny Moore
6%

Score Distribution

Percentile by Number Answered

Percent of People with Each Score

Your Score History

You have not taken this quiz since the last reset